| 000 | 00775nam a2200289Ia 4500 | ||
|---|---|---|---|
| 001 | Z_4363 | ||
| 003 | CHAP | ||
| 008 | 220113s1984 xx 000 0 und d | ||
| 010 | _a167433 | ||
| 040 | _cCHAP | ||
| 082 | _a636.0098 C6 | ||
| 100 |
_aConferencia Anual sobre Ganadería y Avicultura en América Latina (18 : 1984 : Florida) _9141633 |
||
| 245 |
_aPonencias / _cby University of Florida |
||
| 260 |
_aGainesville : _bLa Universidad, _c1984 |
||
| 300 | _a1v. sin paginación | ||
| 440 | _a | ||
| 500 | _a | ||
| 503 | _a | ||
| 650 |
_aAvicultura _xAmérica Latina _xCongresos _9141634 |
||
| 650 |
_aGanadería _xAmérica Latina _xCongresos _9141635 |
||
| 901 | _a636.0098 C6 | ||
| 902 | _aA | ||
| 910 | _a1984 | ||
| 942 | _c1 | ||
| 942 | _cc1 | ||
| 999 |
_c167433 _d167433 |
||